Formel 1 Podium 1954 - Statistiken

Allgemein
  • Dieses Quiz wurde 42 mal gespielt
  • Das Durchschnittsergebnis liegt bei 8 aus 16
Antwortstatistiken
Antwort % Korrekt
Juan Manuel Fangio
100%
Giuseppe Farina
87%
Hawthorn / Gonzalez
87%
Mike Hawthorn
83%
Gonzalez / Maglioli
74%
Jose Froilan Gonzalez
74%
Stirling Moss
70%
Bill Vukovich
48%
Hans Herrmann
39%
Karl Kling
39%
Maurice Trintignant
39%
Luigi Musso
35%
Jimmy Bryan
13%
Onofre Marimon
13%
Roberto Manzon
9%
Jack McGrath
4%
Keine übereinstimmenden Quizze gefunden
Verteilung der Resultate
Anzahl Personen mit jedem Resultat
Perzentil nach korrekt beantworteten Fragen
Ihre Resultats-Entwicklung
Sie haben dieses Quiz noch nicht gespielt